Laozi : kresby /

Hlavní autor: Grygar, Milan, 1926-
Korporativní autor: Galerie Zdeněk Sklenář (Praha, Česko)
Jazyk: Čeština
Vydáno: V Praze : Galerie Zdeněk Sklenář, 2009
Témata:
Fyzický popis: 71 nečíslovaných stran : barevné ilustrace ; 23 cm
Knihy
Uloženo v:
LEADER 02176nam a2200553 i 4500
001 nkc20162783695
003 CZ PrNK
005 20160722140153.0
007 ta
008 160316s2009 xr a e c 000 0 cze
020 |a 978-80-904315-6-0  |q (v knize neuvedeno ;  |q brožováno)  |z 978-80-904315-7-7 
040 |a ABA001  |b cze  |e rda 
043 |a e-xr--- 
045 |a y0y0 
072 7 |a 74  |x Kresba. Umělecká řemesla  |2 Konspekt  |9 21 
080 |a 741/744(437.3)  |2 MRF 
080 |a 7.038  |2 MRF 
080 |a (437.3)  |2 MRF 
080 |a (083.824)  |2 MRF 
080 |a (0.027.6)  |2 MRF 
100 1 |a Grygar, Milan,  |d 1926-  |7 jk01032811  |4 art 
245 1 0 |a Laozi :  |b kresby /  |c Milan Grygar 
246 3 |a Milan Grygar - Laozi 
246 1 8 |a Milan Grygar - kresby 
264 1 |a V Praze :  |b Galerie Zdeněk Sklenář,  |c 2009 
300 |a 71 nečíslovaných stran :  |b barevné ilustrace ;  |c 23 cm 
336 |a text  |b txt  |2 rdacontent 
336 |a statický obraz  |b sti  |2 rdacontent 
337 |a bez média  |b n  |2 rdamedia 
338 |a svazek  |b nc  |2 rdacarrier 
500 |a Vydáno u příležitosti výstavy Emil Filla a Milan Grygar, 14. října - 14. listopadu 2009 v Galerii Zdeněk Sklenář 
500 |a "Laozi. Kanonická kniha o cestě a síle. Z čínských originálů přeložil Oldřich Král. Kresby Milan Grygar"--Preliminária 
500 |a 300 číslovaných výtisků 
600 1 7 |a Grygar, Milan,  |d 1926-  |7 jk01032811  |2 czenas 
648 7 |a 2009  |7 ch967352  |2 czenas 
648 7 |a 21. století  |7 ch460559  |2 czenas 
650 0 7 |a česká kresba  |7 ph116857  |y 21. století  |2 czenas 
650 0 7 |a abstraktní umění  |7 ph118246  |z Česko  |2 czenas 
650 0 9 |a Czech drawing  |y 21st century  |2 eczenas 
650 0 9 |a abstract art  |z Czechia  |2 eczenas 
655 7 |a katalogy výstav  |7 fd132536  |2 czenas 
655 7 |a bibliofilie  |7 fd131893  |2 czenas 
655 9 |a exhibition catalogs  |2 eczenas 
655 9 |a bibliophilie  |2 eczenas 
710 2 |a Galerie Zdeněk Sklenář (Praha, Česko)  |7 kn20060123004  |4 orm 
910 2 |a BOA001  |b 2-1368.018 
990 |a BK 
995 |a 11 
996 6 |b 2610668939  |c 2-1368.018  |l MZK  |r Sklad / do 1 hodiny  |n 0  |p p.v.  |w 001557808  |u 000010  |a 1  |e BOA001  |j MZK50  |s P